000 00677nam a22002055i 4500
001 176763
003 ES-MaACL
005 20230906220156.0
008 110208s2006 sp a |||| | spa d
020 _a84-935221-2-0
080 _a821.134.2-14"19"
100 1 _aGarcía de la Cruz, Ricardo.
_9145087
245 1 3 _aEl Quijote en verso /
_cpor Ricardo García de la Cruz.
250 _a1ª ed.
260 _aAzuqueca de Henares (Guadalajara) :
_bPortal de Medios,
_c2006.
300 _a368 p. :
_bil. bl. y n. ;
_c23 cm.
700 1 _aCervantes Saavedra, Miguel de,
_d1547-1616.
_tDon Quijote de la Mancha
_937612
852 _aES-MaACL
_jE-14225
999 _c176763
_d176763